[Event "BL 9091 Sindelfingen-Solingen"]
[Site "?"]
[Date "1990.??.??"]
[Round "?.8"]
[White "Carstens, A."]
[Black "Zysk, R."]
[Result "0-1"]
[WhiteElo "2375"]
[BlackElo "2415"]
[PlyCount "48"]
[EventDate "1990.??.??"]

1. e4 e6 2. d4 d5 3. Nd2 c5 4. exd5 exd5 5. Bb5+ Bd7 6. Bxd7+ Nxd7 7. dxc5 Bxc5
8. Nb3 Bb6 9. Nf3 Ngf6 10. O-O O-O 11. Bg5 Qc7 12. a4 a6 13. a5 Ba7 14. Ra4 Ne4
15. Qxd5 Nxg5 16. Nxg5 Qxc2 17. Qe4 Rac8 18. Nd4 Qxe4 19. Nxe4 Nc5 20. Nxc5
Rxc5 21. Re1 Rd8 22. g3 g6 23. Re2 Rc1+ 24. Kg2 Rxd4 0-1

[Event "BL 9091 Kirchheim-Dortmund"]
[Site "?"]
[Date "1990.??.??"]
[Round "?.2"]
[White "Gschnitzer, O."]
[Black "Smagin, S."]
[Result "1/2-1/2"]
[WhiteElo "2440"]
[BlackElo "2550"]
[PlyCount "125"]
[EventDate "1990.??.??"]

1. Nf3 d5 2. c4 e6 3. d4 Nf6 4. Nc3 Nbd7 5. Bg5 c6 6. e3 Qa5 7. Nd2 Bb4 8. Qc2
O-O 9. a3 Ne4 10. Ncxe4 dxe4 11. Bf4 f5 12. O-O-O Be7 13. f3 exf3 14. gxf3 e5
15. dxe5 Nxe5 16. Nb3 Qc7 17. Nd4 Qa5 18. Nb3 Qc7 19. Kb1 Bf6 20. Nd4 Qf7 21.
Be2 Kh8 22. Rhg1 Be6 23. Nxe6 Qxe6 24. e4 fxe4 25. Qxe4 Rae8 26. Bxe5 Qxe5 27.
Qxe5 Bxe5 28. Rg2 Re7 29. Kc2 g6 30. Rf2 c5 31. Bd3 Bd4 32. Re2 Rxe2+ 33. Bxe2
Rf4 34. h3 a5 35. b3 Rf5 36. b4 b6 37. bxa5 bxa5 38. Rb1 Re5 39. Bd1 Rh5 40.
Rb5 a4 41. Ra5 Rxh3 42. Rxa4 h5 43. Ra8+ Kg7 44. Re8 h4 45. a4 Rh1 46. a5 h3
47. a6 h2 48. Re7+ Kh6 49. Re2 Kg7 50. Rd2 Re1 51. Rxh2 Re6 52. a7 Ra6 53. Kb3
Rxa7 54. Ra2 Re7 55. Re2 Rb7+ 56. Kc2 Kf6 57. Kd3 Rb1 58. Bc2 Rh1 59. Kd2 g5
60. Be4 Ra1 61. Bd5 Be5 62. Re4 Kf5 63. Re2 1/2-1/2

[Event "BL 9091 Kirchheim-Dortmund"]
[Site "?"]
[Date "1990.??.??"]
[Round "?.3"]
[White "Mainka, R."]
[Black "Graf, J."]
[Result "1-0"]
[WhiteElo "2435"]
[BlackElo "2425"]
[PlyCount "61"]
[EventDate "1990.??.??"]

1. e4 Nf6 2. e5 Nd5 3. d4 d6 4. Nf3 Bg4 5. Be2 e6 6. O-O Be7 7. c4 Nb6 8. Nc3
O-O 9. Be3 a5 10. b3 d5 11. c5 N6d7 12. Rc1 c6 13. Nd2 Bxe2 14. Qxe2 b6 15.
cxb6 Qxb6 16. Qg4 Kh8 17. Nf3 Na6 18. Bg5 Qd8 19. Ne2 c5 20. Rfd1 Rc8 21. Nf4
h6 22. Bxe7 Qxe7 23. Nh5 Rg8 24. Rc3 Kh7 25. h4 g6 26. Nf6+ Nxf6 27. exf6 Qxf6
28. Ng5+ hxg5 29. hxg5 Qh8 30. Rh3+ Kg7 31. dxc5 1-0

[Event "BL 9091 Kirchheim-Dortmund"]
[Site "?"]
[Date "1990.??.??"]
[Round "?.4"]
[White "Clara, H."]
[Black "Paehtz, T."]
[Result "0-1"]
[WhiteElo "2420"]
[BlackElo "2430"]
[PlyCount "26"]
[EventDate "1990.??.??"]

1. c4 g6 2. d4 Bg7 3. Nc3 Nf6 4. e4 d6 5. Be2 O-O 6. Nf3 e5 7. Be3 h6 8. O-O
Na6 9. Re1 Ng4 10. Bc1 exd4 11. Nxd4 Qh4 12. Bxg4 Bxg4 13. f3 Bxd4+ 0-1

[Event "BL 9091 Kirchheim-Dortmund"]
[Site "?"]
[Date "1990.??.??"]
[Round "?.5"]
[White "Keitlinghaus, L."]
[Black "Vonthron, H."]
[Result "1/2-1/2"]
[WhiteElo "2405"]
[BlackElo "2405"]
[PlyCount "161"]
[EventDate "1990.??.??"]

1. Nf3 d6 2. d4 Bg4 3. e3 Nd7 4. h3 Bh5 5. c4 e5 6. Nc3 Ngf6 7. g4 Bg6 8. Nh4
Be7 9. Bg2 c6 10. O-O Ne4 11. Nxg6 Nxc3 12. bxc3 hxg6 13. f4 O-O 14. Rb1 Qc7
15. Ba3 exf4 16. exf4 Rab8 17. g5 Nb6 18. Qe2 Rfe8 19. Rfe1 c5 20. Rbd1 Bf8 21.
Qxe8 Rxe8 22. Rxe8 Nxc4 23. Bc1 Nb6 24. Rde1 cxd4 25. cxd4 Qc3 26. Kh2 d5 27.
Rf1 f6 28. gxf6 gxf6 29. Re3 Qxd4 30. Rg3 Kh7 31. Be3 Qb2 32. Rd1 Bd6 33. Kh1
Qe2 34. Rf1 Qc4 35. Bxb6 axb6 36. Rb3 b5 37. f5 gxf5 38. Rxf5 Be5 39. Rf1 b4
40. Kg1 Qd4+ 41. Kh1 Bd6 42. h4 Qe5 43. Rh3 d4 44. Kg1 Bc5 45. Rd3 Qe2 46. Bh3
Bd6 47. Rf2 Qe1+ 48. Kg2 Be5 49. Bf5+ Kg7 50. h5 Kh6 51. Bg6 Qc1 52. Kf3 Qg5
53. Ke4 b6 54. Rdf3 Qc1 55. Kf5 Qe1 56. Rc2 Bg3 57. Kg4 Bd6 58. Rd3 Qf1 59. Rf3
Qd1 60. Rg2 Be5 61. Rgf2 Qg1+ 62. Kf5 d3 63. Ke4 Bc3 64. Kxd3 Qd1+ 65. Ke4 Qd4+
66. Kf5 Qd7+ 67. Kf4 Bd2+ 68. Kg3 Be1 69. Rxf6 Qd4 70. R6f5 Qc3+ 71. Kg2 Bxf2
72. Rxf2 b3 73. axb3 Qxb3 74. Bf7 Qc3 75. Rf3 Qd4 76. Kf1 b5 77. Ke2 b4 78. Bg6
Qb2+ 79. Ke3 b3 80. Rf1 Qc3+ 81. Ke2 1/2-1/2

[Event "BL 9091 Kirchheim-Dortmund"]
[Site "?"]
[Date "1990.??.??"]
[Round "?.6"]
[White "Messmer, M."]
[Black "Thesing, M."]
[Result "1/2-1/2"]
[WhiteElo "2365"]
[BlackElo "2380"]
[PlyCount "111"]
[EventDate "1990.??.??"]

1. Nf3 c5 2. g3 Nc6 3. Bg2 g6 4. O-O Bg7 5. c3 e5 6. d3 Nge7 7. e4 O-O 8. Be3
d6 9. a3 h6 10. b4 b6 11. Nbd2 Be6 12. b5 Na5 13. c4 f5 14. exf5 gxf5 15. Nb3
Nxb3 16. Qxb3 f4 17. Bd2 Qd7 18. Rae1 Bg4 19. Bc3 Rae8 20. Bb2 Rf7 21. Re4 Ref8
22. Nd2 f3 23. Bh1 h5 24. Rb1 Kh8 25. Nf1 Ng8 26. Ree1 Nf6 27. Bc1 Bh3 28. Nd2
Ng4 29. Ne4 Rf5 30. Ng5 Rxg5 31. Bxg5 Qf5 32. Bh4 Bh6 33. Rb2 Be3 34. Rxe3 Nxe3
35. Rd2 Ng4 36. Qc3 Rf7 37. a4 Kh7 38. a5 e4 39. dxe4 Qxe4 40. Qd3 Qxd3 41.
Rxd3 Ne5 42. Rxd6 Nxc4 43. Rd3 Kg7 44. Bg5 Ne5 45. Rd5 Rd7 46. Rxd7+ Bxd7 47.
axb6 axb6 48. Bd8 Bxb5 49. Bxb6 Nd7 50. Bxc5 Nxc5 51. Bxf3 Kh6 52. h4 Bd7 53.
Bd1 Ne4 54. Kg2 Bh3+ 55. Kg1 Kg6 56. f3 1/2-1/2

[Event "BL 9091 Kirchheim-Dortmund"]
[Site "?"]
[Date "1990.??.??"]
[Round "?.7"]
[White "Stein, B."]
[Black "Biebinger, G."]
[Result "1/2-1/2"]
[WhiteElo "2380"]
[BlackElo "2290"]
[PlyCount "83"]
[EventDate "1990.??.??"]

1. Nf3 Nf6 2. b3 g6 3. Bb2 Bg7 4. c4 O-O 5. g3 c6 6. Bg2 d5 7. O-O e6 8. d3 a5
9. Nbd2 Na6 10. a3 b5 11. Qc2 Bd7 12. e4 Qb8 13. Ne5 Rd8 14. Kh1 Be8 15. f4
bxc4 16. dxc4 dxe4 17. Nxe4 Nxe4 18. Bxe4 Qb6 19. Bg2 h5 20. Rab1 Rac8 21. Bc3
Qc7 22. Qe2 Nc5 23. Qe3 Bf8 24. b4 axb4 25. axb4 Na4 26. Ba1 Nb6 27. Rfc1 Bg7
28. Be4 Ra8 29. b5 Rxa1 30. Rxa1 Bxe5 31. fxe5 Qxe5 32. Qf4 Qc5 33. Bg2 e5 34.
Qg5 Rc8 35. Rab1 Kg7 36. bxc6 f6 37. Qd2 Bxc6 38. Qe2 Nxc4 39. Rc3 Bxg2+ 40.
Qxg2 Qd4 41. Rbc1 Qd7 42. Qe2 1/2-1/2

[Event "BL 9091 Kirchheim-Dortmund"]
[Site "?"]
[Date "1990.??.??"]
[Round "?.8"]
[White "Burkart, P."]
[Black "Buecker, S."]
[Result "0-1"]
[WhiteElo "2270"]
[BlackElo "2345"]
[PlyCount "86"]
[EventDate "1990.??.??"]

1. d4 d6 2. Nf3 f5 3. Nc3 Nf6 4. Bg5 d5 5. Bxf6 exf6 6. g3 Be6 7. e3 Nd7 8. Ne2
c6 9. c3 Nb6 10. Qc2 g6 11. Nf4 Bf7 12. Nd2 Bh6 13. Bd3 Qe7 14. h4 O-O-O 15.
O-O-O Kb8 16. Kb1 Nc8 17. Rde1 Nd6 18. f3 Qc7 19. Re2 Rhe8 20. c4 dxc4 21. Nxc4
Bxf4 22. gxf4 Nc8 23. Qc3 Ne7 24. Rc1 Nd5 25. Qd2 Rd7 26. Rce1 Red8 27. Rc1 Rc8
28. Qe1 Qd8 29. Na5 Qe7 30. a3 c5 31. Bb5 Rdc7 32. Qd2 cxd4 33. Rxc7 Qxc7 34.
exd4 Nxf4 35. Re1 Nd5 36. Bf1 Qb6 37. Nc4 Qb3 38. Nd6 Nc3+ 39. Qxc3 Rxc3 40.
Nxf7 Re3 41. Rc1 Qxf7 42. Bc4 Qe7 43. d5 Re1 0-1

[Event "BL 9091 Solingen-Kirchheim"]
[Site "?"]
[Date "1990.??.??"]
[Round "?.1"]
[White "Haba, P."]
[Black "Short, N."]
[Result "1/2-1/2"]
[WhiteElo "2440"]
[BlackElo "2610"]
[PlyCount "67"]
[EventDate "1990.??.??"]

1. d4 e6 2. c4 f5 3. g3 Nf6 4. Bg2 Be7 5. Nf3 c6 6. O-O O-O 7. b3 a5 8. Bb2 d5
9. Nbd2 a4 10. Ne5 Nbd7 11. Nxd7 Bxd7 12. Qc2 b5 13. c5 Qa5 14. b4 Qc7 15. Nf3
Be8 16. Rae1 Bh5 17. Bc1 Rae8 18. Ne5 Nd7 19. Bf4 g5 20. Nxd7 Qxd7 21. Be5 Bf6
22. Bxf6 Rxf6 23. f4 Qg7 24. Qd2 Rg6 25. Bf3 Bxf3 26. exf3 g4 27. fxg4 Rxg4 28.
Qe3 Kf7 29. Rf3 h5 30. Qe5 Qxe5 31. Rxe5 Reg8 32. Kg2 h4 33. Re1 R8g6 34. a3
1/2-1/2

[Event "BL 9091 Solingen-Kirchheim"]
[Site "?"]
[Date "1990.??.??"]
[Round "?.2"]
[White "Nunn, J."]
[Black "Gschnitzer, O."]
[Result "1-0"]
[WhiteElo "2610"]
[BlackElo "2440"]
[PlyCount "71"]
[EventDate "1990.??.??"]

1. e4 c5 2. Nf3 Nc6 3. d4 cxd4 4. Nxd4 Nf6 5. Nc3 d6 6. Bg5 e6 7. Qd2 Be7 8.
O-O-O O-O 9. Nb3 Qb6 10. f3 Rd8 11. Kb1 Qc7 12. Bf4 a6 13. g4 Ne5 14. g5 Nfd7
15. Qg2 b5 16. h4 b4 17. Ne2 a5 18. h5 Nf8 19. Bc1 Bb7 20. f4 Ned7 21. Ng3 d5
22. Bd3 a4 23. Nd4 Bc5 24. Be3 Qb6 25. e5 b3 26. cxb3 axb3 27. a3 Ra4 28. Nge2
Kh8 29. g6 fxg6 30. hxg6 Rxd4 31. Rxh7+ Nxh7 32. Rh1 Ndf8 33. Rxh7+ Kg8 34. Qh3
Nxg6 35. Bxg6 Rd1+ 36. Nc1 1-0

[Event "BL 9091 Solingen-Kirchheim"]
[Site "?"]
[Date "1990.??.??"]
[Round "?.3"]
[White "Graf, J."]
[Black "Lau, R."]
[Result "1/2-1/2"]
[WhiteElo "2425"]
[BlackElo "2475"]
[PlyCount "49"]
[EventDate "1990.??.??"]

1. d4 Nf6 2. Nf3 e6 3. c4 b6 4. Nc3 Bb4 5. Bg5 Bb7 6. e3 h6 7. Bh4 Bxc3+ 8.
bxc3 Qe7 9. Bd3 d6 10. O-O Nbd7 11. Nd2 e5 12. Be4 Bxe4 13. Nxe4 O-O 14. Qc2
Rae8 15. Rae1 g5 16. Nxf6+ Nxf6 17. Bg3 e4 18. f4 Nh5 19. Qd1 Ng7 20. Qa4 a5
21. Qc6 f5 22. fxg5 hxg5 23. c5 bxc5 24. dxc5 dxc5 25. Qxc7 1/2-1/2

[Event "BL 9091 Solingen-Kirchheim"]
[Site "?"]
[Date "1990.??.??"]
[Round "?.5"]
[White "Vonthron, H."]
[Black "Reeh, O."]
[Result "1-0"]
[WhiteElo "2405"]
[BlackElo "2465"]
[PlyCount "93"]
[EventDate "1990.??.??"]

1. e4 c5 2. Nf3 Nc6 3. d4 cxd4 4. Nxd4 g6 5. c4 Bg7 6. Be3 Nf6 7. Nc3 O-O 8.
Be2 d6 9. O-O Re8 10. h3 Nd7 11. Qd2 Nc5 12. Rfd1 Bd7 13. Rac1 a6 14. f3 Nxd4
15. Bxd4 Bxd4+ 16. Qxd4 Qa5 17. Nd5 Ne6 18. Qb6 Qxb6+ 19. Nxb6 Nf4 20. Bf1 Rad8
21. b4 Be6 22. a4 g5 23. a5 f6 24. Rd2 Bf7 25. Rcd1 Ne6 26. Kf2 Rb8 27. Ke3 Nd8
28. Kd4 Nc6+ 29. Kc3 Red8 30. Bd3 Ne5 31. Bc2 Nd7 32. Nd5 Bxd5 33. Rxd5 Rdc8
34. Bb3 Kf8 35. h4 h6 36. g3 Ne5 37. f4 Nf7 38. c5 dxc5 39. bxc5 e6 40. Rd7
Rxc5+ 41. Kb4 Rc6 42. f5 b6 43. Bxe6 bxa5+ 44. Ka3 Ne5 45. Rh7 Re8 46. Rb1 Nc4+
47. Bxc4 1-0

[Event "BL 9091 Solingen-Kirchheim"]
[Site "?"]
[Date "1990.??.??"]
[Round "?.6"]
[White "Podzielny, K."]
[Black "Messmer, M."]
[Result "1-0"]
[WhiteElo "2445"]
[BlackElo "2365"]
[PlyCount "80"]
[EventDate "1990.??.??"]

1. d4 Nf6 2. Nf3 e6 3. g3 b6 4. Bg2 Bb7 5. O-O Be7 6. c4 O-O 7. d5 exd5 8. Nh4
c6 9. cxd5 Nxd5 10. Nf5 Bc5 11. e4 Ne7 12. Nxg7 Kxg7 13. b4 Bxb4 14. Qd4+ f6
15. Qxb4 d5 16. exd5 cxd5 17. Nc3 Nd7 18. Ne2 Nc5 19. Nf4 Ng6 20. Nh5+ Kh8 21.
Bh6 Rf7 22. Rad1 Qd7 23. Be3 Qf5 24. g4 Qe6 25. Bd4 Nd7 26. h3 Nge5 27. Rfe1 a5
28. Qb2 Qd6 29. Nxf6 Rxf6 30. Rxe5 Kg8 31. Rb1 Raf8 32. Rg5+ Rg6 33. Rxg6+ hxg6
34. Bxb6 Bc6 35. Bxa5 Rb8 36. Bb4 Qf4 37. Qb3 Nf6 38. a3 Ne4 39. Qc2 Be8 40.
Re1 Bf7 {ZÜ} 1-0

[Event "BL 9091 Solingen-Kirchheim"]
[Site "?"]
[Date "1990.??.??"]
[Round "?.7"]
[White "Biebinger, G."]
[Black "Schneider, B1."]
[Result "1-0"]
[WhiteElo "2290"]
[BlackElo "2435"]
[PlyCount "97"]
[EventDate "1990.??.??"]

1. d4 g6 2. c4 Bg7 3. g3 d6 4. Nf3 Nf6 5. Bg2 O-O 6. b3 Nc6 7. Bb2 e5 8. d5 Ne7
9. Nc3 h6 10. e4 Nh7 11. Nd2 f5 12. f3 fxe4 13. Ndxe4 Nf5 14. Qd3 Rf7 15. O-O
b6 16. Rae1 Bd7 17. b4 a5 18. a3 Qf8 19. Kh1 h5 20. bxa5 Rxa5 21. Nb5 Bc8 22.
Bc3 Ra4 23. f4 exf4 24. Rxf4 Ba6 25. g4 Bxb5 26. cxb5 Nh6 27. Bxg7 Qxg7 28.
Rxf7 Nxf7 29. gxh5 gxh5 30. Qh3 Qg4 31. Qc3 Qh4 32. Rg1 Kf8 33. Qc2 Rxa3 34.
Qxc7 Qd8 35. Qc1 Rd3 36. Rf1 Qh4 37. Qc8+ Kg7 38. Qf5 Qe7 39. Nxd6 Nxd6 40.
Qxd3 h4 41. Qd4+ Kh6 42. Qf4+ Kg7 43. Qd4+ Kh6 44. Qxb6 Ng5 45. Qf2 Kg6 46. Re1
Qg7 47. Qf4 Nf5 48. Be4 Nxe4 49. Qxe4 1-0

[Event "BL 9091 Solingen-Kirchheim"]
[Site "?"]
[Date "1990.??.??"]
[Round "?.8"]
[White "Zysk, R."]
[Black "Burkart, P."]
[Result "1-0"]
[WhiteElo "2415"]
[BlackElo "2270"]
[PlyCount "61"]
[EventDate "1990.??.??"]

1. d4 d6 2. Nf3 g6 3. g3 Bg7 4. Bg2 Nd7 5. O-O e5 6. c4 Ne7 7. Nc3 O-O 8. e4
Nc6 9. Bg5 f6 10. Be3 exd4 11. Nxd4 Nde5 12. Nxc6 bxc6 13. b3 Be6 14. h3 Qd7
15. f4 Nf7 16. Kh2 Rae8 17. Qd2 c5 18. Rad1 Qc8 19. Rfe1 Kh8 20. Qc2 f5 21. Bc1
h6 22. Bb2 Rg8 23. exf5 gxf5 24. Nd5 Qd8 25. Bxg7+ Rxg7 26. Qc3 Bxd5 27. Bxd5
Kg8 28. Rxe8+ Qxe8 29. Re1 Qd8 30. Bc6 Kh7 31. Re8 1-0

[Event "BL 9091 Dortmund-Sindelfingen"]
[Site "?"]
[Date "1990.??.??"]
[Round "?.1"]
[White "Fahnenschmidt, G."]
[Black "Razuvaev, Y."]
[Result "0-1"]
[WhiteElo "2390"]
[BlackElo "2570"]
[PlyCount "136"]
[EventDate "1990.??.??"]

1. d4 Nf6 2. c4 g6 3. Nc3 d5 4. Nf3 Bg7 5. Bg5 Ne4 6. cxd5 Nxg5 7. Nxg5 e6 8.
Qd2 exd5 9. Qe3+ Kf8 10. Qf4 Bf6 11. h4 h6 12. Nf3 Kg7 13. O-O-O Be6 14. e3 Nd7
15. Bd3 c6 16. h5 g5 17. Qg3 Qb8 18. Qxb8 Raxb8 19. Ng1 Bd8 20. Nge2 Bc7 21.
Rdf1 Nf6 22. f3 Rbe8 23. Kd2 Re7 24. g4 Rhe8 25. Rhg1 Bc8 26. Nd1 b6 27. Ng3 c5
28. Nf5+ Bxf5 29. Bxf5 cxd4 30. exd4 Re2+ 31. Kc1 Bf4+ 32. Kb1 Rd2 33. Nc3 Be3
34. Rd1 Rxd4 35. Rxd4 Bxd4 36. Rd1 Bxc3 37. bxc3 Re3 38. Rd3 Rxd3 39. Bxd3 Ne8
40. Kc2 Kf6 41. Kd2 Ke5 42. Ke3 Nd6 43. Bh7 f5 44. Bg6 fxg4 45. fxg4 Nc8 46.
Bd3 Ne7 47. Bb5 Ng8 48. Ba6 Nf6 49. Bc8 Ne4 50. Kd3 Nc5+ 51. Ke3 Ne6 52. Kd3
Nd8 53. Bd7 Kd6 54. Bf5 Nc6 55. Ke3 Kc5 56. Bd3 Ne5 57. Be2 a5 58. Bd1 Nc4+ 59.
Ke2 d4 60. cxd4+ Kxd4 61. Bb3 b5 62. Ke1 a4 63. Bd1 Ne3 64. Be2 b4 65. Kd2 b3
66. axb3 a3 67. Kc1 Kc3 68. Kb1 Kxb3 0-1

[Event "BL 9091 Dortmund-Sindelfingen"]
[Site "?"]
[Date "1990.??.??"]
[Round "?.2"]
[White "Smagin, S."]
[Black "Rajkovic, D."]
[Result "1-0"]
[WhiteElo "2550"]
[BlackElo "2485"]
[PlyCount "67"]
[EventDate "1990.??.??"]

1. e4 c5 2. Nf3 d6 3. d4 cxd4 4. Nxd4 Nf6 5. Nc3 g6 6. f3 Bg7 7. Be3 Nc6 8. Qd2
O-O 9. O-O-O d5 10. Qe1 e6 11. h4 Re8 12. Nb3 Na5 13. h5 Nxb3+ 14. axb3 Qa5 15.
hxg6 fxg6 16. Kb1 dxe4 17. fxe4 Ng4 18. Bd4 e5 19. Bg1 Qc7 20. Nb5 Qe7 21. Bc4+
Kh8 22. Nd6 Be6 23. Bxe6 Qxe6 24. Nxe8 Rxe8 25. Bxa7 Nf6 26. Be3 Nxe4 27. Qh4
Nf6 28. Bg5 h5 29. Bxf6 Qxf6 30. Qe4 Qa6 31. g4 Ra8 32. c3 Qc6 33. Qxc6 bxc6
34. Rd6 1-0

[Event "BL 9091 Dortmund-Sindelfingen"]
[Site "?"]
[Date "1990.??.??"]
[Round "?.3"]
[White "Marinkovic, I."]
[Black "Mainka, R."]
[Result "1-0"]
[WhiteElo "2460"]
[BlackElo "2435"]
[PlyCount "77"]
[EventDate "1990.??.??"]

1. e4 c5 2. Nf3 e6 3. Nc3 d6 4. d4 cxd4 5. Nxd4 Nf6 6. g3 a6 7. Bg2 Qc7 8. a4
Nc6 9. O-O Be7 10. b3 O-O 11. Bb2 Rd8 12. Re1 Rb8 13. Re2 Bd7 14. h3 Nxd4 15.
Qxd4 Bc6 16. a5 Bf8 17. Qe3 Re8 18. Nd1 Rbd8 19. Bd4 Nd7 20. Qd2 f5 21. c4 Nc5
22. Qc2 Bxe4 23. Bxe4 Nxe4 24. Bb6 Qc6 25. Bxd8 Rxd8 26. h4 g6 27. b4 Bg7 28.
Ra3 Rc8 29. Ne3 Bd4 30. Rd3 Bxe3 31. Rexe3 d5 32. c5 Rd8 33. Qb2 Qc7 34. Re1
Kf7 35. Kg2 Rg8 36. Qc1 Rd8 37. Qh6 Kg8 38. h5 g5 39. Qxe6+ 1-0

[Event "BL 9091 Dortmund-Sindelfingen"]
[Site "?"]
[Date "1990.??.??"]
[Round "?.4"]
[White "Paehtz, T."]
[Black "Kraut, R."]
[Result "1/2-1/2"]
[WhiteElo "2430"]
[BlackElo "2430"]
[PlyCount "80"]
[EventDate "1990.??.??"]

1. d4 d5 2. c4 dxc4 3. e3 Nf6 4. Bxc4 e6 5. Nf3 c5 6. O-O a6 7. Qe2 b5 8. Bb3
Bb7 9. Rd1 Nbd7 10. Nc3 Qb8 11. Bc2 Bd6 12. h3 O-O 13. Ng5 h6 14. Nge4 b4 15.
Nxf6+ Nxf6 16. Na4 cxd4 17. Rxd4 a5 18. Rh4 Rc8 19. Bd3 Bc6 20. b3 Bh2+ 21. Kh1
Qe5 22. Rd4 Rd8 23. Bb2 Qg5 24. Qf1 Rxd4 25. Bxd4 Bd6 26. Rc1 Bb7 27. Nc5 Bc8
28. f4 Qh4 29. Ne4 Nxe4 30. Bxe4 Ba6 31. Qf3 Rc8 32. Rxc8+ Bxc8 33. Qe2 e5 34.
fxe5 Bxe5 35. Bf3 Bc7 36. Kg1 Qg3 37. Kf1 Qd6 38. Qc2 Ba6+ 39. Be2 Bb7 40. Bf3
Ba6+ 1/2-1/2

[Event "BL 9091 Dortmund-Sindelfingen"]
[Site "?"]
[Date "1990.??.??"]
[Round "?.5"]
[White "Luther, T."]
[Black "Keitlinghaus, L."]
[Result "1/2-1/2"]
[WhiteElo "2385"]
[BlackElo "2405"]
[PlyCount "145"]
[EventDate "1990.??.??"]

1. e4 e6 2. d4 d5 3. Nc3 Nc6 4. Nf3 Nf6 5. e5 Ne4 6. Ne2 f6 7. exf6 Qxf6 8. Ng3
e5 9. dxe5 Nxe5 10. Qxd5 Bb4+ 11. c3 Nxf3+ 12. gxf3 Nxc3 13. bxc3 Bxc3+ 14. Bd2
Bxa1 15. Bb5+ c6 16. O-O Be6 17. Bxc6+ Kf7 18. Ne4 Bxd5 19. Bxd5+ Kg6 20. Nxf6
Bxf6 21. Bxb7 Rad8 22. Be4+ Kf7 23. Be3 Bd4 24. Rc1 Bxe3 25. fxe3 Rc8 26. Re1
Rhd8 27. Re2 Rc1+ 28. Kf2 Rcd1 29. f4 h6 30. Bc2 R1d2 31. Kf3 Rxe2 32. Kxe2 g5
33. Kf3 Rd2 34. Bb3+ Kf6 35. h3 gxf4 36. Kxf4 Rh2 37. Kg3 Rh1 38. Bd5 Rd1 39.
e4 Ke5 40. Kg4 Rf1 41. Kh5 Rf6 42. Kg4 Rg6+ 43. Kh5 Rf6 44. Kg4 a5 45. Ba8 Rg6+
46. Kh5 Ra6 47. Bb7 Rb6 48. Ba8 Kf4 49. Bd5 Rf6 50. Ba8 a4 51. Bd5 a3 52. Ba8
Kg3 53. h4 Kf4 54. Bd5 Rb6 55. Ba8 Rf6 56. Bd5 Ke5 57. Ba8 Ke6 58. Bd5+ Ke7 59.
Kg4 Kf8 60. Kh5 Kg7 61. Ba8 Ra6 62. Bd5 Ra5 63. Kg4 Kg6 64. Kg3 Rc5 65. Kf4 Kf6
66. Kg4 Rc2 67. Kh5 Rh2 68. Bc4 Kg7 69. Bb3 Rf2 70. Bc4 Rc2 71. Bb3 Re2 72. Bd5
Re1 73. Bc6 1/2-1/2

[Event "BL 9091 Dortmund-Sindelfingen"]
[Site "?"]
[Date "1990.??.??"]
[Round "?.7"]
[White "Werner, Marc"]
[Black "Stein, B."]
[Result "1/2-1/2"]
[WhiteElo "2320"]
[BlackElo "2380"]
[PlyCount "40"]
[EventDate "1990.??.??"]

1. e4 e5 2. Nf3 Nc6 3. Bc4 Bc5 4. c3 Qe7 5. O-O d6 6. d3 Nf6 7. b4 Bb6 8. a4 a6
9. Bb3 Be6 10. Nbd2 Bxb3 11. Qxb3 O-O 12. Nc4 Ba7 13. b5 axb5 14. axb5 Bxf2+
15. Kxf2 Rxa1 16. bxc6 bxc6 17. Kg1 Nd7 18. Ne3 Rb8 19. Qc2 g6 20. Ng4 h5
1/2-1/2

[Event "BL 9091 Dortmund-Sindelfingen"]
[Site "?"]
[Date "1990.??.??"]
[Round "?.8"]
[White "Buecker, S."]
[Black "Franke, H."]
[Result "0-1"]
[WhiteElo "2345"]
[BlackElo "2390"]
[PlyCount "89"]
[EventDate "1990.??.??"]

1. f4 d5 2. g3 Nf6 3. Nf3 g6 4. Bg2 Bg7 5. O-O O-O 6. d3 c6 7. e3 Bg4 8. h3
Bxf3 9. Qxf3 Nbd7 10. Nc3 e5 11. f5 Qb6 12. Qf2 h5 13. e4 Qxf2+ 14. Rxf2 d4 15.
Ne2 Kh7 16. Bf1 Bh6 17. Kg2 g5 18. Ng1 g4 19. h4 c5 20. Bxh6 Kxh6 21. Re1 Rfc8
22. c4 a6 23. Ne2 b5 24. Nc1 Ne8 25. Nb3 Nd6 26. Na5 Rab8 27. Rc1 Rb6 28. Rfc2
bxc4 29. Nxc4 Nxc4 30. dxc4 Rcb8 31. b3 a5 32. Bd3 a4 33. bxa4 Ra8 34. Rf2 Rxa4
35. Rcc2 Ra3 36. Rfd2 Kg7 37. Be2 Nf6 38. Bd3 Ne8 39. Kf2 Nc7 40. Rc1 Na6 41.
Be2 Nb4 42. Ra1 Rba6 43. Bd1 Nxa2 44. Rb2 Nc3 45. Rxa3 0-1

[Event "BL 9091 Nürnberg-Sindelfingen"]
[Site "?"]
[Date "1990.??.??"]
[Round "?.2"]
[White "Pribyl, J."]
[Black "Rajkovic, D."]
[Result "1-0"]
[WhiteElo "2430"]
[BlackElo "2485"]
[PlyCount "75"]
[EventDate "1990.??.??"]

1. d4 Nf6 2. Nf3 e6 3. Bg5 c5 4. e3 cxd4 5. exd4 Be7 6. c3 b6 7. Nbd2 Bb7 8.
Bd3 O-O 9. O-O d6 10. Re1 Nbd7 11. a4 Rb8 12. a5 b5 13. Qe2 Bc6 14. Nf1 Re8 15.
Ng3 Qc7 16. Bd2 Bf8 17. Ng5 h6 18. N5e4 Nxe4 19. Nxe4 e5 20. Qd1 d5 21. Ng3 e4
22. Bc2 Re6 23. f3 Nf6 24. fxe4 Nxe4 25. Nxe4 dxe4 26. Bb3 Rg6 27. Be3 Bd7 28.
Qh5 Be6 29. d5 Bc8 30. Qxg6 fxg6 31. d6+ Qc4 32. Bxc4+ bxc4 33. Bxa7 Rxb2 34.
Red1 Bd7 35. a6 Kf7 36. Be3 Rb8 37. a7 Ra8 38. Rab1 1-0

[Event "BL 9091 Nürnberg-Sindelfingen"]
[Site "?"]
[Date "1990.??.??"]
[Round "?.3"]
[White "Marinkovic, I."]
[Black "Seibold, H."]
[Result "1-0"]
[WhiteElo "2460"]
[BlackElo "2210"]
[PlyCount "113"]
[EventDate "1990.??.??"]

1. e4 c5 2. Nf3 Nc6 3. Nc3 g6 4. d4 cxd4 5. Nxd4 Bg7 6. Nde2 Nf6 7. g3 O-O 8.
Bg2 d6 9. O-O Bd7 10. h3 Rc8 11. a4 Nb4 12. Be3 a5 13. Qd2 Be6 14. Rfd1 Nd7 15.
Nd4 Bc4 16. Rac1 Ba6 17. Nd5 Nxd5 18. exd5 Nc5 19. b3 Re8 20. Rb1 Qc7 21. c4
Rcd8 22. Bg5 Rc8 23. Re1 b6 24. h4 e5 25. dxe6 Nxe6 26. Nxe6 Rxe6 27. Bh3 Rxe1+
28. Rxe1 Rf8 29. Re7 Qc5 30. Bg2 Bc8 31. Bd5 Qd4 32. Qxd4 Bxd4 33. Bh6 Bg7 34.
Be3 Bf6 35. Rc7 Be6 36. Rc6 Bxd5 37. cxd5 Be5 38. Rxb6 Rc8 39. Rb5 Bc3 40. Bb6
Re8 41. Bxa5 Bxa5 42. Rxa5 Kg7 43. Rb5 Kf6 44. a5 Re1+ 45. Kg2 Ra1 46. Kf3 Ke5
47. Ke3 h5 48. Kd3 Ra2 49. b4 Ra1 50. Kc3 Ke4 51. Rb7 f5 52. Kc4 Rc1+ 53. Kb5
Kxd5 54. a6 Ra1 55. a7 Ke4 56. Kc6 d5 57. b5 1-0

[Event "BL 9091 Nürnberg-Sindelfingen"]
[Site "?"]
[Date "1990.??.??"]
[Round "?.4"]
[White "Huemmer, B."]
[Black "Kraut, R."]
[Result "1-0"]
[WhiteElo "2265"]
[BlackElo "2430"]
[PlyCount "175"]
[EventDate "1990.??.??"]

1. d4 Nf6 2. Nf3 g6 3. Bg5 Bg7 4. Nbd2 d6 5. e4 h6 6. Bh4 g5 7. Bg3 Nh5 8. c3
e6 9. Ng1 Nxg3 10. hxg3 Qe7 11. Bd3 Nc6 12. Qe2 Bd7 13. O-O-O O-O-O 14. f4 Rde8
15. Kb1 Qf8 16. Nh3 g4 17. Nf2 h5 18. Bc2 Ne7 19. Nb3 Ng6 20. Nd3 Kb8 21. Qf2
f5 22. e5 Qe7 23. Na5 b6 24. exd6 cxd6 25. Nc4 Rc8 26. Bb3 Bc6 27. Nd2 Be4 28.
Bc2 Qb7 29. Nxe4 fxe4 30. Ne1 d5 31. Bb3 Ne7 32. Nc2 Rcf8 33. Ne3 Qc7 34. Qe2
Qd6 35. Rh4 Bf6 36. Rh2 Rf7 37. Rdh1 Rfh7 38. Nxg4 Bg7 39. Ne5 Nf5 40. Rh3 Bxe5
41. fxe5 Qe7 42. g4 hxg4 43. Qxg4 Rxh3 44. Rxh3 Rxh3 45. gxh3 Qh7 46. a4 e3 47.
Ka2 Qh4 48. Bd1 Qe1 49. Be2 Kc7 50. Ba6 Qg3 51. Qh5 Qg8 52. Qf3 Qg3 53. Qh5 Qg8
54. h4 Kd8 55. Bb5 Ng3 56. Qf3 Nf5 57. Qh5 Ng3 58. Qf3 Nf5 59. Qe2 Ke7 60. Qh5
Kd8 61. Kb3 Ke7 62. Qg5+ Qxg5 63. hxg5 Ng3 64. Kc2 e2 65. Kd2 Ne4+ 66. Kxe2
Nxg5 67. Ke3 a5 68. Bd3 Nf7 69. b3 Nd8 70. Bb5 Nf7 71. Kd3 Ng5 72. Bc6 Nh3 73.
Ke3 Ng5 74. c4 dxc4 75. bxc4 Nf7 76. Kf4 Nd8 77. Be4 Nf7 78. d5 Nd8 79. Ke3 Ke8
80. d6 Kd7 81. Kd4 Nf7 82. Ba8 Kc8 83. Bc6 Nd8 84. Bb5 Nf7 85. Ke4 Ng5+ 86. Kf4
Nh3+ 87. Kg4 Nf2+ 88. Kg5 1-0

[Event "BL 9091 Bamberg-Kirchheim"]
[Site "?"]
[Date "1990.??.??"]
[Round "?.1"]
[White "Haba, P."]
[Black "Unzicker, W."]
[Result "1/2-1/2"]
[WhiteElo "2440"]
[BlackElo "2480"]
[PlyCount "76"]
[EventDate "1990.??.??"]

1. e4 e5 2. Nf3 Nc6 3. Bb5 a6 4. Ba4 Nf6 5. O-O Nxe4 6. d4 b5 7. Bb3 d5 8. dxe5
Be6 9. Nbd2 Be7 10. c3 O-O 11. Bc2 f5 12. Nb3 Qd7 13. Nfd4 Nxd4 14. Nxd4 c5 15.
Nxe6 Qxe6 16. f3 Ng5 17. a4 Rad8 18. axb5 axb5 19. Kh1 Rd7 20. Qe2 Qc6 21. Bxg5
Bxg5 22. f4 Be7 23. Qf3 c4 24. h3 Bc5 25. Rfd1 g6 26. Rd2 Kh8 27. Rad1 Rfd8 28.
g4 Qe6 29. gxf5 gxf5 30. Qh5 Rf8 31. Qf3 Rfd8 32. Qh5 Rf8 33. Rg2 Rg7 34. Rdd2
Rxg2 35. Rxg2 d4 36. cxd4 Bxd4 37. Qf3 Rg8 38. b3 Rxg2 1/2-1/2